| 000 | 00367 a2200145 4500 | ||
|---|---|---|---|
| 001 | 72543 | ||
| 082 | _a428 CHI | ||
| 090 |
_c38835 _d38835 |
||
| 100 | _aChishti, B. A. | ||
| 245 | _aPolymer english grammar and composition for BA Students | ||
| 250 | _arev ed | ||
| 260 |
_aLahore _bPolymer Pub _c1994 |
||
| 300 | _axvi,704 p. | ||
| 500 | _aBE textbook H & S dept | ||
| 942 |
_aNUST-CAE _k428 CHI |
||
| 999 |
_c307616 _d307616 |
||